The Textile/apparel industries /

Bibliographic Details
Corporate Author: Fairchild Publications. Market Research Division
Format: Book
Language:English
Published: New York : Fairchild Publications : 1983.
Series:Fairchild fact file
Subjects:

MARC

Tag First Indicator Second Indicator Subfields
LEADER 00000cam a2200000 a 4500
001 in00000383921
005 20151011120239.0
008 840504s1983 nyu bs 00000 eng d
020 |a 0870054635 
035 |a (OCoLC)10690850 
035 |9 ABS2304AM 
040 |a NRC  |c NRC  |d TXA  |d UtOrBLW 
043 |a n-us--- 
049 |a TXAM  |c [A08555836] 
090 |a HD9940.U4  |b T4 1983 
245 0 4 |a The Textile/apparel industries /  |c prepared by Market Research Division. 
264 1 |a New York :  |b Fairchild Publications :  |c 1983. 
264 2 |a New York :  |b Distributed through Book Division, 
300 |a 49 pages ;  |c 28 cm. 
336 |a text  |b txt  |2 rdacontent 
337 |a unmediated  |b n  |2 rdamedia 
338 |a volume  |b nc  |2 rdacarrier 
490 0 |a Fairchild fact file 
504 |a Includes bibliographical references. 
650 0 |a Textile industry  |z United States  |x Statistics. 
650 0 |a Clothing trade  |z United States  |x Statistics. 
710 2 |a Fairchild Publications.  |b Market Research Division. 
999 |a MARS 
999 f f |s c33c7b3e-1368-30c1-9af8-4f2a9ca30c77  |i 01136983-540f-35a1-84aa-02b67817479d  |t 0 
952 f f |p ric  |a Texas A&M University  |b Rellis Campus  |c Joint Library Facility  |d Remote Storage  |t 0  |e HD9940.U4 T4 1983  |h Library of Congress classification  |i unmediated -- volume  |m A14808555836 
998 f f |a HD9940.U4 T4 1983  |t 0  |l Remote Storage